000 00568nam a22001817a 4500
999 _c190029
_d190029
005 20220715164202.0
010 _aENG-133614
020 _c595.00
_a9789390961047
035 _aEN-117146
037 _bDBAD/PUB
082 _a920
100 _aLyngdoh,Ferdinand Banshanlang
245 _aE K Mawlong:
_cby Ferdinand Banshanlang Lyngdoh
_bA political biography/
260 _aNew Delhi
_c2022
_bVitasta Publishing
270 _a2/15 Ansari Road,Daryaganj,
_bNew Delhi
_e110002
300 _axxv;241p.:
_c24cm(Hb)
_bill
942 _2ddc
_cEN
_h920
_mLYN